| 000 | 00648nam a2200217 a 4500 | ||
|---|---|---|---|
| 005 | 20240924071214.0 | ||
| 008 | 010928s1990 ag r 000 0 spa d | ||
| 020 | _a9507370064 | ||
| 035 | _aUPN01000112199 | ||
| 049 | _aCG | ||
| 050 | 4 |
_aPZ73 _bM6.26 1990 |
|
| 100 | 1 |
_aMontes, Graciela, _d1947- _927926 |
|
| 245 | 1 | 3 |
_aEl corral de la infancia : _bacerca de los grandes, los chicos y las palabras / _cGraciela Montes. |
| 250 | _a2a ed. | ||
| 260 |
_aBuenos Aires : _bLibros del Quirquincho, _cc1990. |
||
| 300 | _a67 p. | ||
| 440 | 0 | _aApuntes | |
| 600 | 1 | 4 |
_aCARROLL, LEWIS, _d1832-1898 |
| 650 | 4 |
_aLiteratura infantil _94445 |
|
| 905 | _aLibro | ||
| 999 |
_c86107 _d86107 |
||